| 000 | 00856nam a2200205Ii 4500 | ||
|---|---|---|---|
| 003 | JO-AjNU | ||
| 008 | 230605s9999||||xx |||||||||||||| ||und|| | ||
| 040 |
_aJO-AjNU _bara _erda _cJO-AjNU |
||
| 041 | _aara | ||
| 050 | 1 | 4 | _aDS247.A13.A2264 1988 |
| 100 | 3 |
_aابراهيم، عبد العزيز عبد الغني, _eauthor _99343 |
|
| 245 | 0 | 0 | _aأمراء وغزاة: قصة الحدود والسيادة الإقليمية في الخليج(دراسة وثائقية) |
| 250 | _aط2 | ||
| 264 | 3 | 1 | _aد.م: دار الساقي،1991 |
| 300 | _a335ص | ||
| 336 |
_atext _btxt _2rdacontent |
||
| 337 |
_aunmediated _bn _2rdamedia |
||
| 338 |
_avolume _bnc _2rdacarrier |
||
| 650 | 4 |
_aشبه الجزيرة العربية-تاريخ/ دول الخليج العربي-تاريخ/شبه الجزيرة العربية-علاقات خارجية-تركيا _99344 |
|
| 999 |
_aA1250 _c4818 _d4818 |
||